| 000 | 00720nam a2200241Ia 4500 | ||
|---|---|---|---|
| 003 | OSt | ||
| 005 | 20230726140051.0 | ||
| 008 | 210716s1991 xx 000 0 und d | ||
| 020 | _a0938721178 | ||
| 040 | _cAIMIT LIBRARY | ||
| 041 | _aeng | ||
| 082 |
_a343.73052 _21 _bMCCK |
||
| 100 |
_aMcCormally, Kevin; _9128442 |
||
| 245 |
_aKimplingers sure ways to cut your taxes / _cBy Kevin McCormally. |
||
| 250 | _a1st ed. | ||
| 260 |
_aWashington : _bKiplinger Books , _c1991. |
||
| 300 |
_a486p. ; _bPB _c20 cm. |
||
| 650 |
_aTaxation _9128443 |
||
| 651 |
_aAudits and amended returns _9128444 |
||
| 651 |
_aInvesting in real estate _9128445 |
||
| 651 |
_aTax credits _9128446 |
||
| 942 |
_2ddc _cBK _e1st _k343.73052 MCCK |
||
| 999 |
_c202479 _d202479 |
||